书目信息 |
| 题名: |
真正的共产党员-傅显忠
|
|
| 作者: | ;中共中国唐山市委 , 中共玉田县委 编 | |
| 分册: | ||
| 出版信息: | 北京 人民日报出版社 1990.1 |
|
| 页数: | 96页 | |
| 开本: | 19厘米 | |
| 丛书名: | ||
| 单 册: | ||
| 中图分类: | D263 | |
| 科图分类: | 33.1211 | |
| 主题词: | 模范共产党员--生平事迹--中国 | |
| 电子资源: | ||
| ISBN: | 7-80002-320-6 | |
| 000 | 00946nam 2200241 45 | |
| 001 | 0191008604 | |
| 005 | 20070923160320.18 | |
| 010 | @a7-80002-320-6@dCNY1.90 | |
| 100 | @a19910423d1990 em y0chiy0121 ea | |
| 101 | 0 | @achi |
| 102 | @aCN@b110000 | |
| 105 | @af z 000yd | |
| 200 | 10 | @a真正的共产党员-傅显忠@AZHEN ZHENG DE GONG CHAN DANG YUAN FU XIAN ZHONG@f中共唐山市委、玉田县委《真正的共产党员-傅显忠》编写组编@FZHONG GONG TANG SHAN SHI WEI 、 YU TIAN XIAN WEI ZHEN ZHENG DE GONG CHAN DANG YUAN - FU XIAN ZHONG BIAN XIE ZUBIAN |
| 210 | @a北京@c人民日报出版社@d1990.1 | |
| 215 | @a96页@c照片及插图@d19厘米 | |
| 540 | 1 | @a党员 傅显忠@ADANG YUAN FU XIAN ZHONG |
| 606 | @a模范共产党员@x生平事迹@y中国 | |
| 690 | @aD263 | |
| 692 | @a33.1211 | |
| 711 | 02 | @a中共中国唐山市委@AZHONG GONG ZHONG GUO TANG SHAN SHI WEI@4编 |
| 711 | 02 | @a中共玉田县委@AZHONG GONG YU TIAN XIAN WEI@4编 |
| 801 | 0 | @aCN@bTSSF@c20070923 |
| 905 | @a10447@dD263@e230 | |
| 真正的共产党员-傅显忠/中共唐山市委、玉田县委《真正的共产党员-傅显忠》编写组编.-北京:人民日报出版社,1990.1 |
| 96页:照片及插图;19厘米 |
| ISBN 7-80002-320-6:CNY1.90 |
| ● |
| 相关链接 |
|
|
|
|
正题名:真正的共产党员-傅显忠
索取号:D263/230
 
预约/预借
| 序号 | 登录号 | 条形码 | 馆藏地/架位号 | 状态 | 备注 |
| 1 | 0624547 | 206245473 | 第一样本阅览室/ [索取号:D263/230] | 在馆 |